[Event "Challenge"]
[Site "http://www.queenalice.com/game.php?id=8879"]
[Date "2005.4.4"]
[Round "-"]
[White "alepitboe"]
[Black "Gatamorta"]
[Result "1-0"]
[WhiteElo "1480"]
[BlackElo "1225"]

1. e4 e5 2. Qh5 Nf6 3. Qh4 d5 4. exd5 Qxd5 5. Bc4 Qe4+ 6. Qxe4 Nxe4 7. d3 Nd6 8.
Nf3 e4 9. Ne5 f6 10. Ng4 Bxg4 11. h3 Bd7 12. Nc3 exd3 13. Bxd3 a6 14. Nd5 Kd8
15. O-O Be6 16. c4 Bf5 17. Bxf5 Nxf5 18. Rd1 Ke8 19. Nxc7+ Kf7 20. Nxa8 Bc5 21.
Nc7 Nc6 22. Bf4 Bd4 23. Be3 Nxe3 24. fxe3 Bxe3+ 25. Kh2 Bf4+ 26. g3 Be5 27. Rd7+
Kg6 28. Ne6 Re8 29. Nf4+ Bxf4 30. gxf4 Re2+ 31. Kh1 Rxb2 32. Rg1+ Kf5 33. Rdxg7
Kxf4 34. R7g2 Rb3 35. axb3 Kf3 36. Re1 Ne5 37. Kg1 Nd3 38. Rge2 Nf4 39. Kh2 Nxe2
40. Rf1+ Ke3 41. Rxf6 Nd4 42. b4 Nf3+ 43. Kg2 Nh4+ 44. Kg3 Ng6 45. Rf7 Ne5 46.
Re7 Ke4 47. c5 b5 48. cxb6 Kd5 49. b7 Nc6 50. Rxh7 Kd6 51. h4 Nb8 52. h5 Kc6 53.
h6 Kb6 54. Rf7 Ka7 55. h7 Nc6 56. h8=Q Nb8 57. Qa1 Kb6 58. Qd4+ Kb5 59. Rf5+ Kc6
60. Qd5+ Kb6 61. Rf6+ Ka7 62. Rc6 Kxb7 63. Re6+ Kc8 64. Re8+ Kc7 65. Qe5+ Kb6
66. Qf5 Nc6 67. Re6 Kc7 68. Qc5 1-0

[Event "Challenge"]
[Site "http://www.queenalice.com/game.php?id=9025"]
[Date "2005.4.6"]
[Round "-"]
[White "tecnologoemsaude"]
[Black "Gatamorta"]
[Result "0-1"]
[WhiteElo "1078"]
[BlackElo "1195"]

1. e4 e5 2. Bc4 a6 3. Qf3 Nh6 4. d3 b5 5. Bb3 Qf6 6. a4 Bb7 7. g4 Qxf3 8. Nxf3
Nxg4 9. h3 Nf6 10. Nxe5 bxa4 11. Rxa4 Nc6 12. d4 Nxe5 13. dxe5 Nxe4 14. Rb4
Bxb4+ 15. c3 Bc5 16. Rg1 Bxf2+ 17. Kf1 Bxg1 18. Kxg1 Nc5 19. Bc4 O-O-O 20. Be3
d6 21. b4 Na4 22. Bxf7 dxe5 23. Na3 Rhf8 24. Be6+ Kb8 25. b5 Rd1+ 26. Kh2 axb5
27. Bb3 Rd3 28. Bc1 Rxc3 29. Bc2 Rf2+ 30. Kg1 Rg2+ 31. Kf1 Rxh3 32. Bb1 Rh1# 0-1

[Event "Challenge"]
[Site "http://www.queenalice.com/game.php?id=9395"]
[Date "2005.4.11"]
[Round "-"]
[White "Gatamorta"]
[Black "renatominicucci"]
[Result "0-1"]
[WhiteElo "1199"]
[BlackElo "1491"]

1. e4 e5 2. Nf3 Nc6 3. h4 Nf6 4. Ng5 Bc5 5. Bc4 O-O 6. h5 Ng4 7. Qxg4 d5 8. Ne6
Bxe6 9. Qe2 dxc4 10. d3 Nd4 11. Qd2 h6 12. Qa5 Qf6 13. Qxc5 Nxc2+ 14. Kd2 cxd3
15. a4 Nxa1 16. Qa3 Qxf2+ 17. Kxd3 Rad8+ 18. Kc3 Qc2+ 19. Kb4 Qc4+ 20. Ka5 b6#
0-1

[Event "Challenge"]
[Site "http://www.queenalice.com/game.php?id=9882"]
[Date "2005.4.15"]
[Round "-"]
[White "tecnologoemsaude"]
[Black "Gatamorta"]
[Result "1-0"]
[WhiteElo "1083"]
[BlackElo "1225"]

1. e4 e5 2. d3 a5 3. a4 Nc6 4. g3 Nd4 5. Nf3 Nxf3+ 6. Qxf3 Bb4+ 7. c3 Bc5 8. d4
exd4 9. Bc4 Nf6 10. e5 Ng8 11. Qxf7# 1-0

[Event "Challenge"]
[Site "http://www.queenalice.com/game.php?id=9905"]
[Date "2005.4.15"]
[Round "-"]
[White "tecnologoemsaude"]
[Black "Gatamorta"]
[Result "0-1"]
[WhiteElo "1151"]
[BlackElo "1238"]

1. Na3 e5 2. e4 Nf6 3. Qe2 a5 4. g4 d5 5. f3 dxe4 6. g5 Ng8 7. fxe4 g6 8. h4 h5
9. b3 Nc6 10. Qb5 Qd4 11. c3 Qxe4+ 12. Qe2 Qxh1 13. Qg2 Qxh4+ 14. Qf2 Qxg5 15.
d4 Qe7 16. d5 Na7 17. Qg3 h4 18. Bg5 f6 19. Bxh4 g5 20. Bxg5 fxg5 21. O-O-O g4
22. Re1 Qxa3+ 23. Kd1 Qd6 24. Rxe5+ Ne7 25. c4 Bg7 26. Re3 Qxg3 27. Rxg3 Bd4 28.
Ne2 Rh1 29. Nxd4 Rxf1+ 30. Ke2 Ra1 31. Re3 Rxa2+ 32. Kd3 Kf7 33. Ne6 Nf5 34.
Ng5+ Kg6 35. Ne4 Nxe3 36. Kxe3 Bf5 37. Ng3 Re8+ 38. Kf4 Rf2# 0-1

[Event "Challenge"]
[Site "http://www.queenalice.com/game.php?id=10434"]
[Date "2005.4.20"]
[Round "-"]
[White "lostone"]
[Black "Gatamorta"]
[Result "1-0"]
[WhiteElo "1100"]
[BlackElo "1225"]

1. e4 e5 2. Nf3 f6 3. d4 exd4 4. Nxd4 Nc6 5. Nxc6 bxc6 6. Bc4 d5 7. exd5 Qe7+ 8.
Be3 cxd5 9. Qxd5 Rb8 10. O-O Be6 11. Qc6+ Bd7 12. Qxc7 Qe5 13. Qxe5+ fxe5 14.
Nc3 Rxb2 15. Rfe1 Rxc2 16. Rac1 Rxc1 17. Bxc1 Bb4 18. Rxe5+ Ne7 19. Nd5 Bd6 20.
Re4 Bf5 21. Re3 O-O 22. Nxe7+ Kh8 23. Nxf5 Rxf5 24. g4 Rc5 25. Re8+ Bf8 26.
Rxf8# 1-0

[Event "Challenge"]
[Site "http://www.queenalice.com/game.php?id=11193"]
[Date "2005.4.26"]
[Round "-"]
[White "Andre"]
[Black "Gatamorta"]
[Result "0-1"]
[WhiteElo "1289"]
[BlackElo "1219"]

1. e4 e5 2. Nf3 d6 3. Nc3 Bg4 4. Nd5 Nf6 5. d3 c6 6. Nxf6+ gxf6 7. c4 b5 8. cxb5
cxb5 9. Qb3 a6 10. Nh4 Be6 11. Qb4 Nc6 12. Qc3 Rc8 13. Be3 Qa5 14. b4 Qc7 15. a4
Nd4 16. Qxc7 Rxc7 17. Rc1 Rxc1+ 18. Bxc1 bxa4 19. Nf3 Nc2+ 20. Kd2 Nxb4 21. Ba3
Bh6+ 22. Kc3 Na2+ 23. Kb2 Bc1+ 24. Kc2 Bxa3 25. Be2 Nb4+ 26. Kc3 O-O 27. Ra1
Rc8+ 28. Kd2 Rc2+ 29. Ke3 Bc1+ 30. Rxc1 Rxc1 31. Nd2 Nc2+ 32. Kf3 Nd4+ 33. Ke3
Re1 34. f4 Rxe2# 0-1

[Event "Challenge"]
[Site "http://www.queenalice.com/game.php?id=11372"]
[Date "2005.4.28"]
[Round "-"]
[White "Boeing"]
[Black "Gatamorta"]
[Result "1-0"]
[WhiteElo "1731"]
[BlackElo "1283"]

1. e4 e5 2. Qh5 Nf6 3. Qxe5+ Be7 4. d3 Nc6 5. Qg3 Nh5 6. Qe3 Nb4 7. Na3 d5 8. c3
Na6 9. exd5 Qxd5 10. c4 Qa5+ 11. Bd2 Qc5 12. d4 Qc6 13. Nf3 g5 14. d5 Qf6 15.
Bc3 Qf4 16. Bxh8 Qxe3+ 17. fxe3 f6 18. Kf2 Bd7 19. h3 O-O-O 20. g4 Ng3 21. Kxg3
Rxh8 22. Rd1 Bd6+ 23. Kf2 Nb4 24. Ra1 c6 25. e4 cxd5 26. cxd5 Bc5+ 27. Kg2 a5
28. Bb5 Bxb5 29. Nxb5 Nc2 30. Rac1 Ne3+ 31. Kg3 b6 32. Nd6+ Kd7 33. Nf7 Rc8 34.
a3 Ke8 35. Nh6 Rc7 36. b4 axb4 37. axb4 Bd6+ 38. Kf2 Nc2 39. b5 Bc5+ 40. Ke2 Ba3
41. Rcd1 Nb4 42. d6 Rc2+ 43. Nd2 Bc1 44. Rxc1 Rxc1 45. Rxc1 Na2 46. Rc6 Kd7 47.
Rxb6 Nc3+ 48. Kd3 Na4 49. Rc6 Nb2+ 50. Kd4 Nd1 51. Nc4 Nf2 52. Rc7+ Kd8 53. b6
Nxh3 54. d7 Nf4 55. Nf7+ Ke7 56. d8+=Q+ Ke6 57. Qd6# 1-0

[Event "Challenge"]
[Site "http://www.queenalice.com/game.php?id=12105"]
[Date "2005.5.4"]
[Round "-"]
[White "alepitboe"]
[Black "Gatamorta"]
[Result "0-1"]
[WhiteElo "1399"]
[BlackElo "1281"]

1. e4 e5 2. Qf3 Qf6 3. Nc3 Qxf3 4. Nxf3 Nc6 5. Nd5 Bd6 6. c3 Nf6 7. Bc4 Nxd5 8.
Bxd5 Ne7 9. d4 exd4 10. Ng5 dxc3 11. Bxf7+ Kf8 12. Bc4 Be5 13. Rb1 c2 14. Ra1
Bf6 15. b3 Bxa1 16. Bd3 Bc3+ 17. Bd2 c1=Q+ 18. Ke2 Qxd2+ 19. Kf3 Qxd3+ 20. Kf4
Bd2+ 21. Kg4 d5+ 22. Kh5 g6+ 23. Kh4 Bxg5+ 0-1

[Event "Challenge"]
[Site "http://www.queenalice.com/game.php?id=12156"]
[Date "2005.5.5"]
[Round "-"]
[White "Gatamorta"]
[Black "Andre"]
[Result "1/2-1/2"]
[WhiteElo "1251"]
[BlackElo "1298"]

1. e4 e5 2. Nf3 Nc6 3. h4 Nf6 4. d4 Bb4+ 5. c3 Ba5 6. Nxe5 Qe7 7. b4 Bb6 8. Nc4
Qxe4+ 9. Be3 Qg4 10. Qxg4 Nxg4 11. Rh3 O-O 12. Nba3 d6 13. O-O-O Bf5 14. d5 Nce5
15. Nxe5 dxe5 16. Bc5 Bxc5 17. bxc5 Nxf2 18. Rd2 Nxh3 19. gxh3 b6 20. cxb6 axb6
21. Kb2 e4 22. Nb5 Rfc8 23. Nd4 e3 24. Re2 Rd8 25. Nxf5 Rxd5 26. Nxe3 Rda5 27.
Kb3 c5 28. Nc4 R5a6 29. Nd6 Ra3+ 30. Kc4 Kf8 31. Bg2 Rd8 32. Nb5 Ra5 33. Bc6 Rc8
34. Bd7 Rd8 35. Bc6 Ra4+ 36. Kb3 Rxh4 37. c4 Rxh3+ 38. Kb2 g5 39. Nc7 Rc8 40.
Bd7 Rxc7 41. Bxh3 h5 42. Bf5 Re7 43. Rh2 h4 44. Rh3 Re5 45. Bd7 f6 46. a4 Re4
47. Kb3 Ke7 48. Bf5 Rf4 49. Re3+ Kd6 50. Re6+ Kc7 1/2-1/2

[Event "Challenge"]
[Site "http://www.queenalice.com/game.php?id=14358"]
[Date "2005.5.26"]
[Round "-"]
[White "Gatamorta"]
[Black "FISICO"]
[Result "1-0"]
[WhiteElo "1253"]
[BlackElo "1596"]

1. e4 e5 2. Nf3 d6 3. Bb5+ Bd7 4. Bxd7+ Nxd7 5. d4 Be7 6. dxe5 Nxe5 7. Nxe5 dxe5
8. Qxd8+ Rxd8 9. O-O Nf6 10. Bg5 Nxe4 11. Bxe7 Kxe7 12. Nc3 Nxc3 13. bxc3 Rhe8
14. g4 f6 15. f4 exf4 16. Rae1+ Kf7 17. Rxe8 Rxe8 18. Rxf4 c5 19. g5 b6 20. c4
Re1+ 21. Kf2 Ra1 22. gxf6 gxf6 23. Ke2 Rxa2 24. Kd2 Ra1 25. Rh4 Kg6 26. Rg4+ Kf5
27. h3 h5 28. Rh4 Rg1 29. Rxh5+ Kg6 30. Rh4 Rg3 31. Ke2 Kg5 32. Rh8 f5 33. Rg8+
Kf4 34. Rh8 Re3+ 35. Kd2 Rg3 36. Rh4+ Kg5 37. Rh7 f4 38. Rg7+ Kf5 39. Rf7+ Ke4
40. h4 f3 41. h5 Rg2+ 42. Ke1 Ke3 43. Re7+ Kf4 44. Kf1 Kg3 45. Rg7+ Kh2 46. Rf7
Rg3 47. Kf2 Kh3 48. h6 Kg4 49. Rg7+ Kf4 50. Rxg3 Ke4 51. Rxf3 Kd4 52. Rf4+ Kc3
53. h7 Kb4 54. h8=Q a5 55. c3+ Kb3 56. Qb8 1-0

[Event "Challenge"]
[Site "http://www.queenalice.com/game.php?id=14906"]
[Date "2005.5.31"]
[Round "-"]
[White "Andre"]
[Black "Gatamorta"]
[Result "1/2-1/2"]
[WhiteElo "1334"]
[BlackElo "1302"]

1. Nf3 Nc6 2. Nc3 e5 3. e4 Nf6 4. Bb5 Nd4 5. Nxd4 exd4 6. Nd5 Nxd5 7. exd5 Qe7+
8. Qe2 Qxe2+ 9. Bxe2 c6 10. dxc6 dxc6 11. d3 Bb4+ 12. c3 dxc3 13. O-O c2 14. a3
Bc5 15. Be3 Bb6 16. Rac1 Bxe3 17. fxe3 g5 18. Rxc2 O-O 19. d4 f5 20. Bc4+ Kg7
21. Rcf2 Kh6 22. Rf3 g4 23. Rf4 Kg5 24. g3 b5 25. h4+ Kh5 26. Bd3 a5 27. e4 b4
28. exf5 bxa3 29. bxa3 Rb8 30. Be2 Bxf5 31. Rc1 Rb3 32. Rxc6 Rb1+ 33. Kf2 Ra1
34. Rc5 Kg6 35. Rxa5 Ra2 36. Ra6+ Kg7 37. d5 Bc8 38. Rc6 Bb7 39. Rc7+ Kg8 40.
Rxb7 Rxa3 41. Bxg4 Ra2+ 42. Ke3 Re8+ 43. Be6+ Kh8 44. Rf6 Ra3+ 45. Kf4 Raa8 46.
Rh6 Rf8+ 47. Bf7 Ra4+ 48. Kf5 Kg7 49. Kg5 Rxf7 50. Rxf7+ Kxf7 51. Rxh7+ Kg8 52.
Kg6 Rg4+ 53. Kh6 Rxg3 54. d6 Re3 55. Re7 Rf3 56. d7 Rf6+ 57. Kg5 Rd6 58. Re8+
Kf7 59. Rd8 Ke7 60. Re8+ Kxd7 61. Rg8 Rd5+ 62. Kg6 Ke7 63. Rh8 Rd6+ 64. Kg5 Kf7
65. Rh6 Rd5+ 66. Kg4 Kg7 67. Rh5 Rd4+ 68. Kg5 Rd5+ 69. Kg4 Rd4+ 70. Kg3 Kg6 71.
Rg5+ Kh6 72. Rg4 Rd3+ 73. Kf4 Kh5 74. Kf5 Rd5+ 75. Kf4 Rd4+ 76. Kf5 Rxg4 77. Ke5
1/2-1/2

[Event "Challenge"]
[Site "http://www.queenalice.com/game.php?id=15023"]
[Date "2005.6.2"]
[Round "-"]
[White "Gatamorta"]
[Black "salso"]
[Result "0-1"]
[WhiteElo "1283"]
[BlackElo "811"]

1. e4 e6 2. e5 d5 3. d4 c5 4. dxc5 Bxc5 5. Bb5+ Bd7 6. Bxd7+ Nxd7 7. Be3 Qc7 8.
c3 Qxe5 9. Nf3 Qe4 10. Nfd2 Qd3 11. b4 Bxe3 12. fxe3 Qxe3+ 13. Qe2 Qxe2+ 14.
Kxe2 Ngf6 15. c4 Ne4 16. cxd5 exd5 17. Re1 f5 18. Kf3 Kf7 19. Kf4 Kf6 20. g4 g5+
21. Ke3 f4+ 22. Kd4 Rhe8 23. Kxd5 Nb6+ 24. Kd4 Rad8# 0-1

[Event "Challenge"]
[Site "http://www.queenalice.com/game.php?id=15027"]
[Date "2005.6.2"]
[Round "-"]
[White "FISICO"]
[Black "Gatamorta"]
[Result "1-0"]
[WhiteElo "1539"]
[BlackElo "1268"]

1. e4 e5 2. Nf3 d6 3. c3 Bd7 4. d4 exd4 5. cxd4 Bg4 6. Be2 Nf6 7. e5 dxe5 8.
dxe5 Qxd1+ 9. Bxd1 Bb4+ 10. Nbd2 Ne4 11. O-O Nxd2 12. Nxd2 Bxd1 13. Rxd1 O-O 14.
a3 Bc5 15. Nf3 Nc6 16. b4 Bd4 17. Nxd4 Nxd4 18. Rxd4 Rad8 19. Be3 f6 20. Rad1
Rfe8 21. Rxd8 Rxd8 22. Rxd8+ Kf7 23. Rd7+ Ke6 24. Rxc7 Kxe5 25. Rxg7 h6 26. Bxh6
Kf5 27. Rxb7 Kg6 28. g3 Kxh6 29. Rf7 Kg6 30. Rxf6+ Kxf6 31. b5 Ke6 32. a4 Kd6
33. h4 Kc5 34. h5 Kb4 35. h6 Kxa4 36. h7 Kxb5 37. h8=Q a5 38. Qa1 a4 39. Qa3 Ka5
40. f4 Kb5 41. f5 Ka5 42. Qb2 Ka6 43. Qb4 a3 44. Qxa3+ Kb6 45. Qb4+ Kc6 46. f6
Kd7 47. f7 Ke6 48. f8=Q Ke5 49. Qff4+ Kd5 50. Qbd4+ Ke6 51. Qdf6+ Kd7 52. Q4d6+
Ke8 53. Qfe7# 1-0

[Event "Challenge"]
[Site "http://www.queenalice.com/game.php?id=17865"]
[Date "2005.6.29"]
[Round "-"]
[White "Gatamorta"]
[Black "Andre"]
[Result "0-1"]
[WhiteElo "1280"]
[BlackElo "1372"]

1. e4 e5 2. Nf3 Nc6 3. Bb5 d6 4. Bc4 Na5 5. Bd5 c6 6. Bb3 Bg4 7. h3 Bxf3 8. gxf3
Qg5 9. d4 Qg2 10. Ke2 Nf6 11. Rg1 Qxh3 12. dxe5 dxe5 13. Rg3 Qh4 14. Bg5 Qh5 15.
Nc3 h6 16. Be3 b6 17. Na4 Rd8 18. Qe1 c5 19. Rd1 c4 20. Rxd8+ Kxd8 21. Qd1+ Kc7
22. Qc1 cxb3 23. cxb3+ Nc6 24. Rg1 Bb4 25. Rh1 Qg6 26. Rxh6 gxh6 27. a3 Bc5 28.
Bxc5 bxc5 29. Nxc5 Na5 30. Na6+ Kb7 31. Nc5+ Kb6 32. Na4+ Kb7 33. Qc5 Nxb3 0-1

[Event "Challenge"]
[Site "http://www.queenalice.com/game.php?id=19329"]
[Date "2005.7.13"]
[Round "-"]
[White "Gatamorta"]
[Black "alepitboe"]
[Result "0-1"]
[WhiteElo "1289"]
[BlackElo "1355"]

1. e4 e5 2. b3 f6 3. Bc4 c6 4. Ba3 Bxa3 5. Nxa3 b5 6. Bxg8 Rxg8 7. Qh5+ g6 8.
Qxh7 Rf8 9. Qxg6+ Rf7 10. Qg8+ Rf8 11. Qg6+ Rf7 12. Qg8+ Rf8 13. Qg6+ Rf7 14. h4
Qa5 15. Nb1 Na6 16. h5 Bb7 17. a4 Nb4 0-1